| 000 | 01951cam a22003614a 4500 | ||
|---|---|---|---|
| 999 |
_c1539 _d1539 |
||
| 001 | 15192878 | ||
| 003 | GZU | ||
| 005 | 20201019122230.0 | ||
| 008 | 080225s2008 paua b 001 0 eng | ||
| 010 | _a 2008006962 | ||
| 020 | _a9781599471426 (pbk. : alk. paper) | ||
| 020 | _a1599471426 (pbk. : alk. paper) | ||
| 040 |
_aDLC _cDLC _dDLC |
||
| 042 | _apcc | ||
| 043 | _an-us--- | ||
| 050 | 0 | 0 |
_aHC110.C6 _bBLA 2008 |
| 100 | 1 |
_aBlankenhorn, David. _eauthor |
|
| 245 | 1 | 0 |
_aThrift : _ba cyclopedia : being an early attempt to assemble the best of what is known from history and literature about one of our most provocative words for those who are not ashamed to think anew about happiness, extravagance, and thriving / _cDavid Blankenhorn. |
| 260 |
_aWest Conshohocken, Pa. : _bTempleton Foundation Press, _cc2008. |
||
| 300 |
_aviii, 351 p. : _bill. ; _c28 cm. |
||
| 500 | _a"A Companion to the traveling exhibition, Thrift: In Search of the Art of Living Well and the Report to the Nation, For a New Thrift: Confronting the Debt Culture." | ||
| 500 | _aDeveloped after a conference of scholars the author convened In October of 2005, at the request of the John Templeton Foundation, to discuss the history of thrift as an American value and practice. | ||
| 504 | _aIncludes bibliographical references and index. | ||
| 650 | 0 |
_aConsumption (Economics) _xSocial aspects _zUnited States. |
|
| 650 | 0 |
_aSaving and investment _zUnited States. |
|
| 650 | 0 |
_aSocial values _zUnited States _xHistory. |
|
| 650 | 0 |
_aConduct of life _zUnited States _xHistory. |
|
| 650 | 0 |
_aSocial values _zUnited States _vQuotations, maxims, etc. |
|
| 856 | 4 | 1 |
_3Table of contents only _uhttp://www.loc.gov/catdir/toc/ecip0811/2008006962.html |
| 906 |
_a7 _bcbc _corignew _d1 _eecip _f20 _gy-gencatlg |
||
| 942 |
_2lcc _cBK _h110.C6 _iBLA _kHC |
||